00993nam a22001457a 4500008004100000020001800041082001800059100001900077245008100096260005300177300002400230440002000254505049400274650007900768190424b xxu||||| |||| 00| 0 eng d a9786079651954 a702.81bB622i aBishop, Claire aInfiernos artificiales: Arte participativo y política de la espectaduría aMéxicobTaller de Ediciones Económicasc2016 a461 p.bill.c21 cm at-e-e o r í a tIntroduccióntEl giro social: la colaboración y sus insatisfaccionestInfiernos artificiales: la vanguardia históricatJe participe, tu participes, il participe...tSadismo social explicitadotLo social bajo el socialismotPersonas incidentales: APG y artes comunitariastFormer West: El arte como proyecto a inicios de los 90tPerformance delegada: subcontratar la autenticidad tProyectos pedagógicos: "¿Cómo hacer vivir una clase escolar como una obra de arte?"tConclusión 2Arte contemporáneovArte participativoxArte - prácticas pedagógicas